Detalles MARC
| 000 -Líder |
| campo de control de longitud fija |
02300nam a22003137a 4500 |
| 005 - Fecha y Hora de Actualización |
| campo de control |
20251027140830.0 |
| 008 - Longitud Fija |
| campo de control de longitud fija |
251027b |||||||| |||| 00| 0 eng d |
| 020 ## - International Standard Book Number |
| ISBN |
9789251397299 |
| 022 ## - Número Internacional Normalizado Para Publicaciones Seriadas |
| Número Internacional Normalizado para Publicaciones Seriadas |
18100708 |
| 040 ## - Fuente de Catalogación |
| Centro catalogador/agencia de origen |
Uniagraria |
| Lengua de catalogación |
Español |
| Normas de descripción |
rda |
| 041 ## - Idioma |
| Código de lengua del texto/banda sonora o título independiente |
Inglés |
| Código de lengua original |
Inglés |
| 110 ## - Entrada Principal -- Nombre Corporativo |
| Nombre corporativo o nombre de jurisdicción como elemento de entrada |
Food and Agriculture Organization of the United Nations |
| 9 (RLIN) |
835 |
| 245 ## - Título Propiamente Dicho |
| Título |
Guidelines for sustainable tick control and acaricide resistance management in livestock. |
| Mención de responsabilidad |
Food and Agriculture Organization of the United Nations (FAO) |
| 264 ## - Producción, Publicación, Distribución, Fabricación y Copyright |
| Producción, publicación, distribución, fabricación y copyright |
Roma: |
| Nombre del de productor, editor, distribuidor, fabricante |
FAO Animal production and health |
| Fecha de producción, publicación, distribución, fabricación o copyright |
2025 |
| 300 ## - Descripción Física |
| Extensión |
60 páginas |
| Otras características físicas |
Contiene ilustraciones, figuras, tablas. |
| Dimensiones |
30 cm. |
| 336 ## - Tipo de Contenido |
| Fuente |
rdacontent |
| Término de tipo de contenido |
texto |
| Código de tipo de contenido |
texto |
| 337 ## - Tipo de Medio |
| Fuente |
rdamedia |
| Nombre/término del tipo de medio |
no mediado |
| Código del tipo de medio |
no mediado |
| 338 ## - Tipo de Portador |
| Fuente |
rdacarrier |
| Nombre/término del tipo de soporte |
volumen |
| Código del tipo de soporte |
volumen |
| 504 ## - Nota de Bibliografía |
| Nota de bibliografía, etc. Nota |
Incluye bibliografía páginas 46 - 57 |
| 505 ## - Nota de Contenido |
| Nota de contenido con formato |
Contents: Contributors. --Acknowledgements. -- Foreword. -- Abbreviations. -- Glossary. <br/><br/>PART 1. Tick infestations in cattle. -- Biology of ticks. -- Burden of ticks, tick-borne diseases and acaricide resistance<br/><br/>PART 2. Synthetic acaricides and the threat of acaricide resistance. -- Synthetic acaricide products. -- Regulatory framework. -- Access and use of acaricides in the field. -- Acaricide resistance in cattle ticks. -- The threat of acaricides to animal health and welfare, public health, and the environment. <br/><br/>PART 3. Sustainable tick management. -- Objectives of tick management. -- Cattle production systems. -- Livestock production management. -- Tick control practices. -- Non-chemical tick control. -- Future alternative methods for tick management. -- Regulatory requirements for non-chemical tick control products. -- Integrated tick management. -- Integrating social and behavioural sciences in acaricide resistance strategies. <br/><br/>PART 4. Collective pathway for sustainable tick control and acaricide resistance management in livestock. -- Vision, global goals and key objectives. -- Research agenda<br/><br/> |
| 546 ## - Nota de Idioma |
| Nota de idioma/lenguaje |
El idioma esta en ingles |
| 598 ## - Programas Académicos |
| Programas Académicos |
Medicina Veterinaria |
| 082 04 - Número de Clasificación Decimal Dewey |
| Número de clasificación |
636.089632 / |
| Número de ítem |
F686g |
| 650 #0 - Punto de Acceso Adicional -- Materia general |
| Término de materia o nombre geográfico como elemento de entrada |
Ganado — Control de parásitos. |
| 9 (RLIN) |
836 |
| 650 #0 - Punto de Acceso Adicional -- Materia general |
| Término de materia o nombre geográfico como elemento de entrada |
Garrapatas — Control biológico. |
| 9 (RLIN) |
837 |
| 650 #0 - Punto de Acceso Adicional -- Materia general |
| Término de materia o nombre geográfico como elemento de entrada |
Acaricidas — Resistencia. |
| 9 (RLIN) |
838 |
| 650 #0 - Punto de Acceso Adicional -- Materia general |
| Término de materia o nombre geográfico como elemento de entrada |
Salud animal — Manejo sostenible. |
| 9 (RLIN) |
839 |
| 942 ## - Punto de Acceso Adicional Koha |
| Tipo de ítem Koha |
Libro general |
| Suprimir en OPAC |
No |